00591 2200205 4500001002100000005001500021035002000036007000300056008004100059020001300100082000800113084001400121100002000135245008900155250001000244260003100254300004300285700004600328990001100374INLIS00000000000678220210312112201 a0010-0321000152ta210312 g 0 ind  a54090063 a519 a519 ALP d0 aAlpha C. Chiang1 aDasar-Dasar Matematika Ekonomi :bJilid 2 Edisi Ketiga ( Revisi ) /cAlpha C. Chiang acet.2 aJakarta :bErlangga,c1990 aviii, 362 hlm :b.ilus ;c15,5 x 24 cm0 aPenerjemah : Susatio Sudigno dan Nartanto a5441 D